[Event "Madrid ch - Previa A"]
[Site "Madrid ESP"]
[Date "2009.11.16"]
[Round "7.18"]
[White "Marcelo De La Mata, Daniel"]
[Black "Franco Rincon, David"]
[Result "0-1"]
[WhiteElo "1632"]
[BlackElo "1824"]
[PlyCount "164"]
[EventDate "2009.11.02"]
[EventType "swiss"]
[EventRounds "9"]
[EventCountry "ESP"]
[Source "lmi"]
[SourceDate "2009.11.02"]

1. e4 e5 2. Nf3 Nc6 3. Bb5 a6 4. Bxc6 dxc6 5. O-O Bg4 6. h3 h5 7. Nc3 Qf6 8. d3
Bxf3 9. Qxf3 Qxf3 10. gxf3 Bd6 11. Be3 Ne7 12. d4 g5 13. Rfd1 O-O-O 14. Kf1
Rdg8 15. Ke2 f5 16. dxe5 Bxe5 17. Bd4 Ng6 18. Bxe5 Nxe5 19. Rg1 Ng6 20. Rh1 Re8
21. Rag1 Rhg8 22. a3 Nf4+ 23. Ke3 Nd5+ 24. Kd3 Nxc3 25. bxc3 Re5 26. Rb1 Rd8+
27. Ke3 Rde8 28. h4 g4 29. fxg4 Rxe4+ 30. Kf3 fxg4+ 31. Kg3 Rf8 32. Rb3 Rf3+
33. Kg2 Re2 34. Rf1 Rxc2 35. Kg1 Rcxc3 36. Rxc3 Rxc3 37. Ra1 Kd7 38. a4 Ke6 39.
Re1+ Kf5 40. Re7 Rb3 41. Rxc7 g3 42. Rg7 gxf2+ 43. Kxf2 Rb4 44. Kg3 Kf6 45. Rg5
Rxa4 46. Rxh5 Kg6 47. Rg5+ Kh6 48. Rc5 Ra1 49. Kf4 Rf1+ 50. Ke5 Kh5 51. Rc4 Rb1
52. Kd6 a5 53. Ra4 Rb5 54. Kc7 Kg6 55. Kd6 Kf6 56. Rf4+ Rf5 57. Ra4 Rb5 58.
Rf4+ Kg7 59. Ra4 Kf8 60. Kc7 c5 61. Kd6 b6 62. Kc6 Rb4 63. Ra3 Kg7 64. Ra1 Kh6
65. Rh1 a4 66. Ra1 Kh5 67. Ra3 Kxh4 68. Kd5 Kg4 69. Kc6 Kf4 70. Kd5 Kf5 71.
Rf3+ Rf4 72. Ra3 Rd4+ 73. Kc6 Rb4 74. Kd5 Kf4 75. Kc6 Ke5 76. Re3+ Kd4 77. Ra3
b5 78. Ra1 Rb3 79. Rd1+ Kc4 80. Rc1+ Rc3 81. Rb1 b4 82. Kb6 a3 0-1

[Event "Madrid ch - Previa A"]
[Site "Madrid ESP"]
[Date "2009.11.16"]
[Round "7.19"]
[White "Stet, Nutu"]
[Black "Castro Uceda, Jose Antonio"]
[Result "1-0"]
[WhiteElo "1819"]
[BlackElo "1715"]
[PlyCount "107"]
[EventDate "2009.11.02"]
[EventType "swiss"]
[EventRounds "9"]
[EventCountry "ESP"]
[Source "lmi"]
[SourceDate "2009.11.02"]

1. e4 c5 2. Nf3 d6 3. d4 cxd4 4. Nxd4 Nf6 5. Nc3 a6 6. Bg5 e6 7. Qd2 Be7 8. h4
O-O 9. f3 b5 10. Bd3 Bb7 11. O-O-O Qb6 12. Be3 Qd8 13. g4 Nc6 14. Nxc6 Bxc6 15.
g5 Nh5 16. Rdg1 b4 17. Ne2 a5 18. Ng3 Nxg3 19. Rxg3 d5 20. h5 Qc7 21. Rgg1 dxe4
22. fxe4 Rfd8 23. Qe2 a4 24. Kb1 a3 25. b3 Qe5 26. Bc1 Bc5 27. Rg4 Qc3 28. Qd2
Qe5 29. Qe1 Bd4 30. Bf4 Qc5 31. Bd2 Rab8 32. g6 fxg6 33. hxg6 h6 34. Rf1 Bf6
35. Rxf6 gxf6 36. Bxh6 Qh5 37. Rh4 Qxg6 38. Rh1 Kf7 39. Bd2 Rd4 40. Rh6 Qg7 41.
Qh4 Qg1+ 42. Bc1 Rg8 43. Qxf6+ Ke8 44. Qxe6+ Kd8 45. Qxc6 Rd7 46. Re6 Qa7 47.
Ba6 Qb8 48. Bb5 Rgg7 49. Rh6 Qc7 50. Qf6+ Kc8 51. Rh8+ Rd8 52. Ba6+ Kb8 53.
Rxd8+ Ka7 54. Be3+ 1-0

[Event "Madrid ch - Previa A"]
[Site "Madrid ESP"]
[Date "2009.11.16"]
[Round "7.20"]
[White "Ortega Morales, Pedro"]
[Black "Hernanz Villaoslada, Javier"]
[Result "1/2-1/2"]
[WhiteElo "1809"]
[BlackElo "1705"]
[PlyCount "142"]
[EventDate "2009.11.02"]
[EventType "swiss"]
[EventRounds "9"]
[EventCountry "ESP"]
[Source "lmi"]
[SourceDate "2009.11.02"]

1. d4 Nf6 2. Bf4 g6 3. Nd2 Bg7 4. e4 d6 5. Be2 Nbd7 6. Ngf3 O-O 7. h3 c5 8. c3
cxd4 9. cxd4 a6 10. a4 Ne8 11. Nc4 Nb6 12. b3 Nxc4 13. Bxc4 Kh8 14. O-O Bd7 15.
Qe2 Qb6 16. a5 Qd8 17. Rfd1 Nc7 18. Rac1 Nb5 19. Qd2 Rc8 20. Bh6 Bc6 21. Bxg7+
Kxg7 22. d5 Bd7 23. Qb2+ Kg8 24. e5 Qxa5 25. e6 Be8 26. Qe2 f6 27. Qe3 Kg7 28.
Nh4 Qa3 29. Qg3 Nd4 30. Ra1 Qb2 31. Qg4 Nc2 32. Rac1 Nb4 33. Nf5+ Kh8 34. Rb1
Qe5 35. Ne3 a5 36. Qe2 Rc5 37. Ra1 b5 38. Bd3 Nxd5 39. Nxd5 Rxd5 40. Rxa5 Qxe2
41. Bxe2 Rxd1+ 42. Bxd1 Bc6 43. Ra7 Re8 44. Be2 Kg8 45. Rc7 Bd5 46. Bxb5 Rb8
47. Bc4 Bxc4 48. bxc4 Re8 49. c5 dxc5 50. Rxc5 Kg7 51. g4 g5 52. Kg2 Rd8 53.
Rc7 Kf8 54. Rc3 Rd5 55. Re3 Re5 56. Kf3 Kg7 57. Re4 Ra5 58. Kg3 f5 59. gxf5
Rxf5 60. h4 h6 61. hxg5 hxg5 62. Kg4 Kf6 63. f3 Kg6 64. Rb4 Rc5 65. Rb6 Rd5 66.
Ra6 Rd4+ 67. Kg3 Kf5 68. Ra5+ Kf6 69. Rb5 Rd6 70. Kg4 Rd1 71. Rf5+ Kxe6 1/2-1/2

[Event "Madrid ch - Previa A"]
[Site "Madrid ESP"]
[Date "2009.11.16"]
[Round "7.21"]
[White "Corredor Gonzalez, Angel L"]
[Black "Barragan Panal, Juan Jose"]
[Result "0-1"]
[WhiteElo "1806"]
[BlackElo "1687"]
[PlyCount "130"]
[EventDate "2009.11.02"]
[EventType "swiss"]
[EventRounds "9"]
[EventCountry "ESP"]
[Source "lmi"]
[SourceDate "2009.11.02"]

1. e4 c6 2. Nc3 d5 3. Nf3 dxe4 4. Nxe4 Bf5 5. Ng3 Bg6 6. d4 e6 7. Bc4 Nf6 8.
Ne5 Nbd7 9. Nxg6 hxg6 10. c3 Bd6 11. O-O Qc7 12. Re1 O-O-O 13. Bg5 Rde8 14. Qf3
Nb6 15. Bb3 Nh5 16. c4 Be7 17. Be3 f5 18. d5 e5 19. dxc6 bxc6 20. c5 Nd7 21.
Bf7 Ref8 22. Bxg6 Nxg3 23. hxg3 Bxc5 24. Rac1 e4 25. Qe2 Qb6 26. Bxc5 Nxc5 27.
Qc4 Nd3 28. Qe6+ Kb7 29. Qd7+ Qc7 30. Bxf5 Qxd7 31. Bxd7 Nxe1 32. Rxe1 c5 33.
Rxe4 Rd8 34. Re7 Kc7 35. Bg4+ Kb6 36. Rxg7 Rhg8 37. Rxg8 Rxg8 38. Be6 Rg6 39.
Bc4 Rg4 40. b3 a5 41. a4 Kc7 42. Kf1 Kd6 43. Ke2 Ke5 44. Kf3 Rg6 45. g4 Rf6+
46. Kg3 Rf4 47. f3 Rf8 48. g5 Kf5 49. f4 Kg6 50. Kg4 Rd8 51. f5+ Kg7 52. Kf3
Rd4 53. g4 Kh8 54. f6 Kh7 55. f7 Kg7 56. Kg3 Kf8 57. Kh4 Kg7 58. Kg3 Kf8 59.
Kh4 Kg7 60. g6 Rd2 61. Kg5 Rf2 62. Be6 Rf6 63. Bf5 Rb6 64. Bc2 Rf6 65. Kh4 Rf2
0-1

[Event "Madrid ch - Previa A"]
[Site "Madrid ESP"]
[Date "2009.11.16"]
[Round "7.22"]
[White "Poblador Dieguez, Alfredo"]
[Black "Benitez Cadenas, Luis Miguel"]
[Result "1/2-1/2"]
[WhiteElo "1661"]
[BlackElo "1774"]
[PlyCount "97"]
[EventDate "2009.11.02"]
[EventType "swiss"]
[EventRounds "9"]
[EventCountry "ESP"]
[Source "lmi"]
[SourceDate "2009.11.02"]

1. d4 Nf6 2. c4 g6 3. Nc3 d5 4. Bg5 Ne4 5. Nxe4 dxe4 6. e3 c5 7. Qa4+ Bd7 8.
Qb3 Na6 9. O-O-O Qc8 10. Ne2 b5 11. Nc3 cxd4 12. exd4 bxc4 13. Bxc4 f6 14. Bf4
f5 15. Kb1 Bg7 16. Bf7+ Kf8 17. Bd5 Bc6 18. Be6 Bd7 19. Bxd7 Qxd7 20. d5 Nc5
21. Qb5 Qxb5 22. Nxb5 Nd3 23. Nc7 Rc8 24. Ne6+ Kf7 25. Rxd3 exd3 26. Nxg7 Kxg7
27. Be5+ Kf7 28. Bxh8 Rxh8 29. Rd1 Kf6 30. Rxd3 Ke5 31. b4 Rb8 32. a3 a5 33.
Rb3 Kxd5 34. Kc2 axb4 35. Rxb4 Rxb4 36. axb4 Kc4 37. f4 Kxb4 38. Kd3 Kc5 39.
Ke3 Kd5 40. h3 h5 41. h4 e5 42. fxe5 Kxe5 43. g3 Ke6 44. Kf4 Kf6 45. Ke3 g5 46.
hxg5+ Kxg5 47. Kf3 f4 48. gxf4+ Kf5 49. Kg3 1/2-1/2

[Event "Madrid ch - Previa A"]
[Site "Madrid ESP"]
[Date "2009.11.16"]
[Round "7.25"]
[White "Benito Mellado, Humberto"]
[Black "Cortijo Manso, Luis"]
[Result "1-0"]
[WhiteElo "1636"]
[BlackElo "1628"]
[PlyCount "57"]
[EventDate "2009.11.02"]
[EventType "swiss"]
[EventRounds "9"]
[EventCountry "ESP"]
[Source "lmi"]
[SourceDate "2009.11.02"]

1. d4 Nf6 2. c4 g6 3. g3 Bg7 4. Bg2 d5 5. cxd5 Nxd5 6. Nc3 Nb6 7. Nf3 O-O 8.
O-O c6 9. e4 Bg4 10. Be3 Nc4 11. Qe2 Nxe3 12. fxe3 Qc8 13. Qd3 Na6 14. a3 c5
15. e5 c4 16. Qc2 Bh6 17. Rae1 Bh3 18. Ne4 Bf5 19. Nh4 e6 20. Nxf5 gxf5 21.
Nf6+ Kh8 22. e4 fxe4 23. Rxe4 Rb8 24. Rh4 Kg7 25. Rxh6 Rh8 26. Rxh7+ Rxh7 27.
Qxh7+ Kf8 28. Qg8+ Ke7 29. Qxc8 1-0

[Event "Madrid ch - Previa A"]
[Site "Madrid ESP"]
[Date "2009.11.16"]
[Round "7.26"]
[White "Suarez Mencia, Roberto"]
[Black "Perez Romana, David"]
[Result "0-1"]
[WhiteElo "1653"]
[BlackElo "1579"]
[PlyCount "144"]
[EventDate "2009.11.02"]
[EventType "swiss"]
[EventRounds "9"]
[EventCountry "ESP"]
[Source "lmi"]
[SourceDate "2009.11.02"]

1. c4 Nf6 2. g3 e5 3. Bg2 Nc6 4. e3 Bc5 5. Ne2 O-O 6. Nbc3 Re8 7. O-O d6 8. d4
exd4 9. exd4 Bb4 10. d5 Ne5 11. b3 Bxc3 12. Nxc3 Bg4 13. f3 Bf5 14. Bg5 h6 15.
Bf4 Qd7 16. Bxe5 Rxe5 17. g4 Bg6 18. Qd2 h5 19. f4 Re7 20. f5 Bh7 21. g5 Ng4
22. Be4 Rae8 23. g6 Rxe4 24. gxh7+ Kxh7 25. Nxe4 Rxe4 26. Qg5 Nf6 27. Rf4 Re5
28. Raf1 Qe7 29. R4f3 Re2 30. Rg3 Qf8 31. Rg2 Rxg2+ 32. Kxg2 Qe7 33. Kg1 Qe4
34. h3 Qd4+ 35. Kh1 Qe4+ 36. Qg2 Qxg2+ 37. Kxg2 Nd7 38. h4 f6 39. Re1 Ne5 40.
Kg3 Kg8 41. Re3 Kf7 42. Kg2 b6 43. Kf1 a6 44. a4 a5 45. Ke2 Ng4 46. Rf3 Ne5 47.
Rg3 Nd7 48. Kd2 Nc5 49. Kc2 Na6 50. Rg1 Nb4+ 51. Kc3 Na6 52. Rb1 Nb4 53. Rb2
Na6 54. b4 axb4+ 55. Rxb4 Nxb4 56. Kxb4 Ke7 57. Kb5 Kd7 58. Ka6 Kc8 59. Ka7 Kd8
60. Kb7 Kd7 61. Ka6 Kc8 62. a5 bxa5 63. Kxa5 Kb7 64. Kb5 Kb8 65. c5 dxc5 66.
Kxc5 Kc8 67. Kd4 Kd8 68. Kc5 Kd7 69. Kd4 Kd6 70. Kc4 Ke5 71. Kc5 Kxf5 72. Kc6
Ke5 0-1

[Event "Madrid ch - Previa A"]
[Site "Madrid ESP"]
[Date "2009.11.17"]
[Round "8.2"]
[White "Iagar, Razvan-Gabriel"]
[Black "Alvarez Abejon, Amilcar"]
[Result "1/2-1/2"]
[WhiteElo "1971"]
[BlackElo "2063"]
[PlyCount "23"]
[EventDate "2009.11.02"]
[EventType "swiss"]
[EventRounds "9"]
[EventCountry "ESP"]
[Source "lmi"]
[SourceDate "2009.11.02"]

1. d4 d5 2. c4 c6 3. cxd5 cxd5 4. Nc3 Nf6 5. Nf3 a6 6. Bf4 Nc6 7. e3 Bf5 8. Rc1
Rc8 9. Be2 e6 10. O-O Bd6 11. Bxd6 Qxd6 12. Na4 1/2-1/2

[Event "Madrid ch - Previa A"]
[Site "Madrid ESP"]
[Date "2009.11.17"]
[Round "8.3"]
[White "Canseco Arenas, Alfonso"]
[Black "Garcia Gutierrez, Jose"]
[Result "1-0"]
[WhiteElo "1789"]
[BlackElo "2053"]
[PlyCount "37"]
[EventDate "2009.11.02"]
[EventType "swiss"]
[EventRounds "9"]
[EventCountry "ESP"]
[Source "lmi"]
[SourceDate "2009.11.02"]

1. e4 b6 2. c4 Bb7 3. Nc3 e6 4. g3 Bb4 5. Nge2 Nf6 6. Bg2 O-O 7. O-O Bxc3 8.
Nxc3 d6 9. d3 Nbd7 10. h3 h6 11. f4 Rb8 12. Be3 Ne8 13. Rf2 f5 14. exf5 Bxg2
15. Kxg2 exf5 16. Nb5 c5 17. Nxa7 Qf6 18. Qf3 Qg6 19. Nc6 1-0

[Event "Madrid ch - Previa A"]
[Site "Madrid ESP"]
[Date "2009.11.17"]
[Round "8.4"]
[White "Spitzer Isbert, Ramon"]
[Black "Perez Cameselle, Francisco"]
[Result "0-1"]
[WhiteElo "2064"]
[BlackElo "1930"]
[PlyCount "126"]
[EventDate "2009.11.02"]
[EventType "swiss"]
[EventRounds "9"]
[EventCountry "ESP"]
[Source "lmi"]
[SourceDate "2009.11.02"]

1. g3 Nf6 2. f4 g6 3. b3 Bg7 4. Bb2 O-O 5. Bg2 d6 6. Nf3 Nc6 7. Qc1 Re8 8. O-O
e5 9. fxe5 Nxe5 10. Ng5 h6 11. Nh3 c6 12. Nc3 d5 13. Nd1 Bg4 14. e3 Qd7 15. Nf4
g5 16. Nd3 Nxd3 17. cxd3 Nh5 18. Nf2 Be6 19. Bxg7 Nxg7 20. Qc3 f5 21. d4 Rf8
22. Nd3 Bf7 23. Ne5 Qd6 24. Rf2 Be6 25. Raf1 Nh5 26. Qc2 Nf6 27. g4 Ne4 28.
gxf5 Nxf2 29. fxe6 Qxe6 30. Rxf2 Rxf2 31. Kxf2 Rf8+ 32. Kg1 Kg7 33. Qc1 Qf5 34.
Qe1 Qc2 35. Bf1 Qxa2 36. Bd3 Qxb3 37. Qe2 Qb2 38. h4 c5 39. Qg2 cxd4 40. hxg5
h5 41. e4 Qc1+ 42. Kh2 dxe4 43. Bxe4 Qe1 44. Nd3 Qh4+ 45. Kg1 Re8 46. Bf5 Re7
47. g6 a5 48. Kf1 a4 49. Qd5 a3 50. Nf2 Qf4 51. Bd3 Qe5 52. Qb3 Qe1+ 53. Kg2
Qxd2 54. Qxa3 Qg5+ 55. Kf1 Rc7 56. Be2 Qc1+ 57. Qxc1 Rxc1+ 58. Kg2 Rc2 59. Bxh5
b5 60. Kf3 b4 61. Nd3 b3 62. Nf4 b2 63. Ne6+ Kg8 0-1

[Event "Madrid ch - Previa A"]
[Site "Madrid ESP"]
[Date "2009.11.17"]
[Round "8.5"]
[White "Baeza Escudero, Javier"]
[Black "Tipter, Napoleon"]
[Result "0-1"]
[WhiteElo "1956"]
[BlackElo "2048"]
[PlyCount "62"]
[EventDate "2009.11.02"]
[EventType "swiss"]
[EventRounds "9"]
[EventCountry "ESP"]
[Source "lmi"]
[SourceDate "2009.11.02"]

1. Nf3 c5 2. c4 Nc6 3. Nc3 Nf6 4. g3 g6 5. Bg2 Bg7 6. O-O O-O 7. b3 d6 8. Bb2
e5 9. d3 Ne8 10. Nd2 Be6 11. e3 f5 12. Bd5 Nc7 13. Bxe6+ Nxe6 14. Nd5 Ne7 15.
Nxe7+ Qxe7 16. Re1 Rae8 17. Nb1 f4 18. exf4 exf4 19. Nc3 Qd7 20. Qg4 Qf7 21.
Re4 h5 22. Qe2 Nd4 23. Qf1 g5 24. gxf4 Rxe4 25. dxe4 Nf3+ 26. Kh1 Qxf4 27. Qg2
Qd2 28. Nd5 Bxb2 29. Qh3 Bxa1 30. Qe6+ Kh7 31. Qd7+ Bg7 0-1

[Event "Madrid ch - Previa A"]
[Site "Madrid ESP"]
[Date "2009.11.17"]
[Round "8.6"]
[White "Osorio Ramos, Francisco"]
[Black "Lopez Heras, Arturo"]
[Result "0-1"]
[WhiteElo "1946"]
[BlackElo "1979"]
[PlyCount "78"]
[EventDate "2009.11.02"]
[EventType "swiss"]
[EventRounds "9"]
[EventCountry "ESP"]
[Source "lmi"]
[SourceDate "2009.11.02"]

1. d4 Nf6 2. c4 g6 3. Nc3 d5 4. cxd5 Nxd5 5. e4 Nxc3 6. bxc3 Bg7 7. Bc4 O-O 8.
Ne2 c5 9. O-O cxd4 10. cxd4 Nc6 11. Be3 Na5 12. Bd3 Be6 13. d5 Bxa1 14. Qxa1 f6
15. Bh6 Re8 16. Qd4 Bg4 17. f3 e5 18. Qf2 Bd7 19. Be3 b6 20. Ba6 Rb8 21. Rb1
Nb7 22. Rc1 Nd6 23. Rb1 f5 24. exf5 Bxf5 25. Rc1 Bc8 26. Bd3 Bb7 27. Qg3 Qf6
28. Rc7 Rbc8 29. Bg5 Qh8 30. Rd7 e4 31. fxe4 Nxe4 32. Bxe4 Rxe4 33. Rxb7 Rxe2
34. h4 Qa1+ 35. Kh2 Re1 36. Qb3 Rh1+ 37. Kg3 Qe1+ 38. Kf3 Rf1+ 39. Kg4 h5+ 0-1

[Event "Madrid ch - Previa A"]
[Site "Madrid ESP"]
[Date "2009.11.17"]
[Round "8.7"]
[White "Rodriguez Vignote, Javier"]
[Black "Martin Prieto, Oscar"]
[Result "1/2-1/2"]
[WhiteElo "1874"]
[BlackElo "1967"]
[PlyCount "37"]
[EventDate "2009.11.02"]
[EventType "swiss"]
[EventRounds "9"]
[EventCountry "ESP"]
[Source "lmi"]
[SourceDate "2009.11.02"]

1. d4 e6 2. Nf3 f5 3. g3 Nf6 4. Bg2 Be7 5. O-O O-O 6. c4 d5 7. Qc2 c6 8. b3 Qe8
9. Nc3 Qh5 10. cxd5 exd5 11. Ne5 Ng4 12. Nxg4 Qxg4 13. Qd3 Nd7 14. Qe3 Bf6 15.
Rd1 Nb6 16. Ba3 Rd8 17. Bd6 Bd7 18. Qf4 Re8 19. Qxg4 1/2-1/2

[Event "Madrid ch - Previa A"]
[Site "Madrid ESP"]
[Date "2009.11.17"]
[Round "8.8"]
[White "Fernandez Aransay, Fernando"]
[Black "Vukotic Jovsic, Dragan"]
[Result "0-1"]
[WhiteElo "1937"]
[BlackElo "1970"]
[PlyCount "46"]
[EventDate "2009.11.02"]
[EventType "swiss"]
[EventRounds "9"]
[EventCountry "ESP"]
[Source "lmi"]
[SourceDate "2009.11.02"]

1. e4 c5 2. Nf3 e6 3. d4 cxd4 4. Nxd4 Nf6 5. Bd3 Nc6 6. Nb3 d5 7. f3 dxe4 8.
fxe4 e5 9. O-O Bg4 10. Qe1 Be7 11. Nc3 Nb4 12. Bb5+ Bd7 13. Qf2 Bxb5 14. Nxb5
Nxc2 15. Qxc2 Qb6+ 16. N3d4 O-O 17. Qc7 Bc5 18. Qxe5 Rae8 19. Rxf6 Qxb5 20. Qf5
Bxd4+ 21. Kh1 Qb4 22. Bh6 Bxf6 23. Rf1 Qxe4 0-1

[Event "Madrid ch - Previa A"]
[Site "Madrid ESP"]
[Date "2009.11.17"]
[Round "8.9"]
[White "Garcia Gonzalez, Pedro A"]
[Black "Caceres Rodriguez, Jose J"]
[Result "0-1"]
[WhiteElo "1911"]
[BlackElo "1997"]
[PlyCount "108"]
[EventDate "2009.11.02"]
[EventType "swiss"]
[EventRounds "9"]
[EventCountry "ESP"]
[Source "lmi"]
[SourceDate "2009.11.02"]

1. d4 d5 2. Nf3 Nf6 3. e3 c5 4. b3 g6 5. Bb2 cxd4 6. exd4 Bg7 7. Bd3 O-O 8. O-O
Nc6 9. a3 h6 10. Re1 Ne8 11. Nbd2 Nd6 12. Ne5 Nxe5 13. dxe5 Nf5 14. Nf3 h5 15.
c4 Be6 16. Ng5 Qb6 17. Bxf5 Bxf5 18. cxd5 Rac8 19. Rc1 Rxc1 20. Bxc1 Rc8 21. b4
f6 22. exf6 Bxf6 23. Ne6 Qa6 24. Nc5 Qb5 25. Bd2 b6 26. a4 Qc4 27. Qb3 Qxb3 28.
Nxb3 Bc2 29. Rc1 Bb2 30. Kf1 Bxc1 31. Nxc1 Bxa4 32. Ke2 Rd8 33. Na2 Rxd5 34.
Nc3 Re5+ 35. Kd3 Bc6 36. g3 Rf5 37. f4 e5 38. Be3 exf4 39. Bxf4 Kf7 40. Bb8 a5
41. bxa5 bxa5 42. h4 Ke6 43. Kc4 Bb7 44. Bc7 Ba6+ 45. Kb3 Kd7 46. Bf4 Bb5 47.
Ka3 Kc6 48. Kb3 Bd3 49. Ka3 Rxf4 50. gxf4 Kc5 51. Ka4 Kd4 52. Na2 Ke3 53. Nc3
Kxf4 54. Kxa5 Kg4 0-1

[Event "Madrid ch - Previa A"]
[Site "Madrid ESP"]
[Date "2009.11.17"]
[Round "8.10"]
[White "Tirado Parra, Alberto"]
[Black "Lopez Peral, Enrique"]
[Result "1-0"]
[WhiteElo "1949"]
[BlackElo "1864"]
[PlyCount "66"]
[EventDate "2009.11.02"]
[EventType "swiss"]
[EventRounds "9"]
[EventCountry "ESP"]
[Source "lmi"]
[SourceDate "2009.11.02"]

1. e4 c5 2. Nf3 g6 3. d4 cxd4 4. Nxd4 Bg7 5. Nc3 Nc6 6. Be3 Nf6 7. Bc4 d6 8. f3
Bd7 9. Qd2 Ne5 10. Bb3 O-O 11. O-O-O Rc8 12. h4 Nc4 13. Bxc4 Rxc4 14. h5 Nxh5
15. g4 Nf6 16. Nde2 Qa5 17. Kb1 Bxg4 18. fxg4 Nxg4 19. Bd4 Bxd4 20. Nxd4 h5 21.
Nf5 Qe5 22. Rxh5 Rxc3 23. Nh6+ Kg7 24. Rxe5 dxe5 25. Qxc3 Kxh6 26. Qh3+ Kg5 27.
Rg1 f5 28. exf5 gxf5 29. Qe3+ Kf6 30. Qxa7 e4 31. Qd4+ Kg6 32. Qe5 Rf6 33. a4
e3 1-0

[Event "Madrid ch - Previa A"]
[Site "Madrid ESP"]
[Date "2009.11.17"]
[Round "8.11"]
[White "Camarero Izquierdo, Juan Carlos"]
[Black "Diaz Begonte, Manuel"]
[Result "0-1"]
[WhiteElo "1930"]
[BlackElo "1793"]
[PlyCount "82"]
[EventDate "2009.11.02"]
[EventType "swiss"]
[EventRounds "9"]
[EventCountry "ESP"]
[Source "lmi"]
[SourceDate "2009.11.02"]

1. e4 d6 2. d4 g6 3. Nc3 Bg7 4. Be3 c6 5. Qd2 Nd7 6. O-O-O b5 7. Bd3 Nb6 8. f4
Nc4 9. Bxc4 bxc4 10. e5 d5 11. Na4 Bf5 12. Ne2 h5 13. Nc5 e6 14. Nb7 Qb6 15.
Nd6+ Ke7 16. Qe1 Rb8 17. Nxf5+ gxf5 18. Qc3 Nh6 19. Qa3+ Kd7 20. b3 Bf8 21. Qa4
Ng4 22. Bg1 Be7 23. h3 Nh6 24. Be3 a5 25. Bd2 cxb3 26. cxb3 Bb4 27. Kb2 Bxd2
28. Rxd2 Qb4 29. Nc3 Rhg8 30. Rc1 Rg3 31. Rdc2 Rxc3 32. Qxb4 Rxc2+ 33. Rxc2
Rxb4 34. Kc3 c5 35. dxc5 Rxf4 36. a3 Kc6 37. Kd3 Re4 38. Ra2 f4 39. b4 axb4 40.
a4 Re3+ 41. Kd4 Nf5# 0-1

[Event "Madrid ch - Previa A"]
[Site "Madrid ESP"]
[Date "2009.11.17"]
[Round "8.12"]
[White "Lozano Sanchez, Jose Antonio"]
[Black "Fernandez Garcia, Ignacio"]
[Result "1-0"]
[WhiteElo "1912"]
[BlackElo "1895"]
[PlyCount "81"]
[EventDate "2009.11.02"]
[EventType "swiss"]
[EventRounds "9"]
[EventCountry "ESP"]
[Source "lmi"]
[SourceDate "2009.11.02"]

1. e4 d6 2. Nf3 g6 3. Bc4 Bg7 4. Nc3 c6 5. a4 Nd7 6. d3 Ngf6 7. O-O O-O 8. h3
e5 9. Nh2 Nc5 10. f4 exf4 11. Bxf4 Nh5 12. Qd2 Nxf4 13. Qxf4 Ne6 14. Qd2 Qb6+
15. Kh1 Qxb2 16. Ne2 Qb6 17. Rab1 Qd8 18. Nf4 b6 19. Nf3 Ng5 20. Rf2 Nxf3 21.
Rxf3 Qh4 22. Rbf1 Bg4 23. Re3 a6 24. g3 Qh6 25. Kg2 Bd7 26. h4 Kh8 27. Qb4 Bd4
28. Ree1 g5 29. hxg5 Qxg5 30. Qxd6 Bc3 31. Qxd7 Bxe1 32. Rxe1 b5 33. Bb3 bxa4
34. Bxa4 Rg8 35. Qd4+ Rg7 36. Qf2 Rag8 37. Re3 Qc5 38. Rf3 Qc3 39. Bb3 Rb8 40.
Nh5 Rg5 41. Rxf7 1-0

[Event "Madrid ch - Previa A"]
[Site "Madrid ESP"]
[Date "2009.11.17"]
[Round "8.13"]
[White "Rodriguez Bachiller, Luis"]
[Black "Gabriel Y Galan Acevedo, Jesus"]
[Result "1-0"]
[WhiteElo "1879"]
[BlackElo "1981"]
[PlyCount "37"]
[EventDate "2009.11.02"]
[EventType "swiss"]
[EventRounds "9"]
[EventCountry "ESP"]
[Source "lmi"]
[SourceDate "2009.11.02"]

1. e4 d6 2. d4 Nf6 3. Bd3 g6 4. Ne2 e5 5. d5 c6 6. c4 Bg7 7. Nbc3 Nbd7 8. O-O
O-O 9. Bc2 a5 10. dxc6 Nc5 11. cxb7 Bxb7 12. f3 Qb6 13. Be3 Rfd8 14. Qc1 Ba6
15. b3 Qc6 16. Rd1 Rab8 17. Nd5 Rb7 18. Bg5 Ncd7 19. Ne7+ 1-0

[Event "Madrid ch - Previa A"]
[Site "Madrid ESP"]
[Date "2009.11.17"]
[Round "8.14"]
[White "Martin-Consuegra Barrilero, Francisco Javier"]
[Black "Franco Rincon, David"]
[Result "1-0"]
[WhiteElo "1891"]
[BlackElo "1824"]
[PlyCount "89"]
[EventDate "2009.11.02"]
[EventType "swiss"]
[EventRounds "9"]
[EventCountry "ESP"]
[Source "lmi"]
[SourceDate "2009.11.02"]

1. d4 d5 2. Bg5 Bf5 3. e3 Nd7 4. Nf3 Ngf6 5. c4 c6 6. Qb3 Bxb1 7. Bxf6 Nxf6 8.
Rxb1 Qa5+ 9. Ke2 Rb8 10. Ne5 Qc7 11. f3 e6 12. Rc1 Bd6 13. f4 Ne4 14. cxd5 Qa5
15. Nc4 Qxd5 16. Nxd6+ Nxd6 17. Qxd5 exd5 18. Kf3 Kd7 19. g4 Rbe8 20. Bd3 g6
21. g5 Rhf8 22. h4 f5 23. gxf6 Rxf6 24. Rhg1 Re7 25. Rg5 Rfe6 26. Re5 Nf7 27.
Rxe6 Rxe6 28. h5 Rf6 29. hxg6 hxg6 30. Kg4 Ke7 31. Rh1 Kf8 32. Rf1 Kg7 33. b4
Nh6+ 34. Kh4 g5+ 35. fxg5 Rxf1 36. gxh6+ Kxh6 37. Bxf1 Kg6 38. Bh3 Kf6 39. Bd7
Ke7 40. Bc8 b6 41. Kg5 Kd6 42. Kf4 c5 43. dxc5+ bxc5 44. bxc5+ Kxc5 45. Ke5 1-0

[Event "Madrid ch - Previa A"]
[Site "Madrid ESP"]
[Date "2009.11.17"]
[Round "8.15"]
[White "Huerta Navarro, Eusebio"]
[Black "Stet, Nutu"]
[Result "1-0"]
[WhiteElo "1948"]
[BlackElo "1819"]
[PlyCount "47"]
[EventDate "2009.11.02"]
[EventType "swiss"]
[EventRounds "9"]
[EventCountry "ESP"]
[Source "lmi"]
[SourceDate "2009.11.02"]

1. d4 f5 2. c4 Nf6 3. Nc3 g6 4. Nf3 Bg7 5. Bf4 d6 6. Qc2 e6 7. e4 Nbd7 8. e5
dxe5 9. dxe5 Ng8 10. Rd1 c6 11. Rd6 Qe7 12. Qd2 h6 13. h4 Nc5 14. Qd4 Na6 15.
c5 Bd7 16. Bxa6 bxa6 17. Qa4 Qd8 18. Nd4 Bf8 19. Nxe6 Qc8 20. Nxf8 Kxf8 21. Qc4
Kg7 22. e6 Be8 23. Qd4+ Nf6 24. e7 1-0

[Event "Madrid ch - Previa A"]
[Site "Madrid ESP"]
[Date "2009.11.17"]
[Round "8.16"]
[White "Lopez Rodriguez, Eduardo"]
[Black "Carrera Cabaneros, Francisco"]
[Result "1-0"]
[WhiteElo "1877"]
[BlackElo "1816"]
[PlyCount "83"]
[EventDate "2009.11.02"]
[EventType "swiss"]
[EventRounds "9"]
[EventCountry "ESP"]
[Source "lmi"]
[SourceDate "2009.11.02"]

1. e4 c5 2. Nf3 d6 3. d4 cxd4 4. Nxd4 Nc6 5. Nxc6 bxc6 6. c4 Bb7 7. Nc3 Nf6 8.
Bd3 g6 9. O-O Bg7 10. f4 O-O 11. Be3 c5 12. f5 Nd7 13. Qd2 Ne5 14. h3 Qa5 15.
Rad1 Ba6 16. Nd5 Qxd2 17. Nxe7+ Kh8 18. Rxd2 Nxd3 19. Rxd3 Bxc4 20. Rxd6 Bxf1
21. Kxf1 Rfe8 22. Rd7 Bd4 23. Bxd4+ cxd4 24. f6 Red8 25. Rc7 Rd6 26. e5 Re6 27.
Rc5 h6 28. Ke2 Ra6 29. a3 Rb8 30. Kd3 Rxb2 31. Rc8+ Kh7 32. Rg8 Rxa3+ 33. Kxd4
Rab3 34. Rg7+ Kh8 35. Rxf7 Rb4+ 36. Ke3 R4b3+ 37. Kf4 Rxg2 38. Rg7 Rbg3 39. Nc6
Rc3 40. Nd8 Rc4+ 41. Kf3 Rb2 42. Nf7# 1-0

[Event "Madrid ch - Previa A"]
[Site "Madrid ESP"]
[Date "2009.11.17"]
[Round "8.17"]
[White "Maseda Iglesias, Luis"]
[Black "Benito Mellado, Humberto"]
[Result "1-0"]
[WhiteElo "1839"]
[BlackElo "1636"]
[PlyCount "35"]
[EventDate "2009.11.02"]
[EventType "swiss"]
[EventRounds "9"]
[EventCountry "ESP"]
[Source "lmi"]
[SourceDate "2009.11.02"]

1. d4 d5 2. c4 Nf6 3. Nc3 c6 4. Nf3 e6 5. Bg5 h6 6. Bh4 dxc4 7. e4 g5 8. Bg3
Bb4 9. Qc2 b5 10. a3 Be7 11. O-O-O Bb7 12. h3 Nbd7 13. Be2 a6 14. Rhe1 Qb6 15.
Ne5 O-O-O 16. Nxf7 c5 17. d5 e5 18. d6 1-0